| 000 | 00312nam a22000977a 4500 | ||
|---|---|---|---|
| 999 |
_c3043 _d3043 |
||
| 008 | 200120b ||||| |||| 00| 0 eng d | ||
| 100 | _aRobert Siegel | ||
| 245 | _aJ. R. Helton, Jr. Collection of United states Stamps (2018) | ||
| 260 |
_aNew York _bSiegel Auction Galleries _cMarch 7, 2018 |
||
| 650 | _aClassic US stamps | ||